000 00717nam a2200241Ia 4500
003 OSt
005 20220927105343.0
006 a|||||r|||| 00| 0
007 ta
008 220926b |||||||| |||| 00| 0 eng d
020 _a9780199061716
024 _a195731
037 _cReference Collections
040 _aRTL
_cRTL
_beng
041 _2eng
_aeng
082 _a"V44Q7,8, Q1"
100 _aCHAUDRY Aminullah
_9371909
245 0 _aPolitical administrators
_b The story of the civil service of Pakistan.
260 _a"Karachi,"
_b"Oxford University Press, "
_c2011
300 _a"xxiv,379p"
_ccm.
942 _h"V44Q7,8, Q1"
_cCC
999 _c692066
_d692066